Israel and the prophecies of Al-Quran

Bibliographic Details
Main Author: Ali Akbar
Format: Book
Published: Johore Bahru : Penerbitan Al-Masyher Sdn.Bhd , 1992
Subjects:

MARC

LEADER 00000cam a2200000 7i4500
001 0000004496
002 000004840
005 20000330.0
020 |a T000000365 
090 0 0 |a 297.1   |b ALI 
100 0 |a Ali Akbar 
245 1 0 |a Israel and the prophecies of Al-Quran   |c Ali Akbar 
260 |a Johore Bahru :   |b Penerbitan Al-Masyher Sdn.Bhd ,   |c 1992 
300 |a 158p. ;   |c 20cm. 
650 0 0 |a Gog and Mafog(Yajiy,Majuj and Dajjal) 
999 |a 034560   |b BUKU   |c PINJAMAN   |e PERPUSTAKAAN KOMUNITI PETALING JAYA